| 000 | 00679nam a22002177a 4500 | ||
|---|---|---|---|
| 003 | OSt | ||
| 005 | 20251125170512.0 | ||
| 008 | 251125b |||||||| |||| 00| 0 eng d | ||
| 020 | _a978-007-125940-8. | ||
| 040 |
_aDWCL-Main lib _cOC |
||
| 082 |
_2International ed. _aGR. 624.15 S164e 2008 |
||
| 100 | _aSalgado, Rodrigo | ||
| 245 |
_aThe engineering of foundations Int'l. ed. _cSalgado, Rodrigo |
||
| 260 |
_aSingapore : _bMcGraw-Hill Education (Asia), _cc2008. |
||
| 300 |
_axiii, 882 pages : _billustration ; _c23 cm. |
||
| 504 | _aIncludes index. | ||
| 650 | _21. Building. | ||
| 650 | _22. Foundations. | ||
| 650 | _23. Structural engineering. | ||
| 942 |
_2ddc _cGR _kGR. _n0 |
||
| 999 |
_c6328 _d6328 |
||